00738cam a22002294a 4500008004100000020002200041100002100063245004600084260003400130300002600164500002000190504004100210650004100251650003300292650004300325650004100368650003900409650003300448003000100481005001700482040000900499  a1856423336 (pbk.)1 aDimond, Bridgit.10aLegal aspects of death /cBridgit Dimond. aLondon :bQuay Books,cc2008. axix, 226 p. ;c24 cm. aIncludes index. aIncludes bibliographical references. 0aDeathxLaw and legislationzEngland. 0aPatientsxLegal status, laws 0aMedical laws and legislationzEngland. 0aPainxTreatmentxLaw and legislation 0aPatientsxLegal status, laws, etc. 0aMedical laws and legislation20230123122244.0 cNUST